Culture Générale - Série 2295 - Statistiques

Statistiques générales
  • Ce quiz a été pris 144 fois
  • Le résultat moyen est 4 sur 10
Statistiques - réponses
Question Réponse % Correct
Quelle est la capitale de la Lettonie ? Riga
85%
"Mignonne, allons voir si la rose", est un poème de Pierre de .... Ronsard
80%
Quel fleuve arrose les villes de Verdun , Sedan et Charleville-Mézières ? Meuse
64%
Dans quel pays d'Amérique du sud se trouve la ville d'Iquique ? Chili
49%
Dans le film "Du goudron et des plumes" réalisé en 2014 par Pascal Rabaté, quelle actrice prénommée Isabelle incarne "Christine" ? voir photo Carré
29%
Quel fleuve arrose les villes de Quimper et Bénodet ? Odet
23%
Qui incarnait "Thierry la fronde" dans la série télévisée du même nom des années 60 ? prénom et nom Jean-Claude Drouot
18%
Quelle rivière canalisée en partie, traverse Lille ? Deule
13%
Dans le film "Ugolin" réalisé par Marcel Pagnol en 1953, qui incarne Manon ? prénom et nom Jacqueline Pagnol
10%
Dans la marine, comment nomme-t-on plus fréquemment le "poudrin" ? embrun
1%
Aucun quiz correspondant
Distribution des résultats
% des personnes avec chaque résultat
Percentile par nombre de réponses
Votre historique - résultats
Vous n’avez pas pris ce quiz